[Event "HUN-chT1 Maroczy 2122"]
[Site "Hungary"]
[Date "2021.11.21"]
[Round "4.10"]
[White "Meszaros, Matyas"]
[Black "Szalay, Balazs"]
[Result "1/2-1/2"]
[WhiteElo "2114"]
[BlackElo "1965"]
[PlyCount "52"]
[EventDate "2021.10.10"]
[EventType "team-tourn"]
[EventRounds "11"]
[EventCountry "HUN"]
[SourceTitle "EXT 2025"]
[Source "ChessBase"]
[SourceDate "2024.10.14"]
[SourceVersion "1"]
[SourceVersionDate "2024.10.14"]
[SourceQuality "1"]
[WhiteTeam "Morihana II"]
[BlackTeam "DVTK"]
[WhiteTeamCountry "HUN"]
[BlackTeamCountry "HUN"]

1. Nf3 Nf6 2. b3 c5 3. Bb2 e6 4. e3 Be7 5. c4 0-0 6. Nc3 Nc6 7. Be2 d5 8. cxd5 Nxd5 9. 0-0 Bf6 10. Qc2 b6 11. Nxd5 Bxb2 12. Qxb2 Qxd5 13. Rfd1 Bb7 14. a3 a5 15. Ne1 e5 16. d3 Qe6 17. Qc2 Qg6 18. Qc4 Ba6 19. Qg4 Qxg4 20. Bxg4 Rfd8 21. Rac1 Rd6 22. Bf3 Rad8 23. Bxc6 Rxc6 24. e4 Rcd6 25. Rc3 f6 26. f3 Kf7 1/2-1/2

[Event "HUN-chT1 Maroczy 2122"]
[Site "Hungary"]
[Date "2021.10.31"]
[Round "2.6"]
[White "Meszaros, Matyas"]
[Black "Varga, Marcell"]
[Result "0-1"]
[WhiteElo "2103"]
[BlackElo "2169"]
[PlyCount "98"]
[EventDate "2021.10.10"]
[EventType "team-tourn"]
[EventRounds "11"]
[EventCountry "HUN"]
[SourceTitle "EXT 2025"]
[Source "ChessBase"]
[SourceDate "2024.10.14"]
[SourceVersion "1"]
[SourceVersionDate "2024.10.14"]
[SourceQuality "1"]
[WhiteTeam "Morihana II"]
[BlackTeam "Nyiregyhaza VSC"]
[WhiteTeamCountry "HUN"]
[BlackTeamCountry "HUN"]

1. Nf3 c5 2. b3 b6 3. g3 Bb7 4. Bg2 d6 5. c4 Nf6 6. Bb2 e5 7. d3 g6 8. 0-0 Bg7 9. Nc3 0-0 10. Qd2 Qe7 11. Ne1 Na6 12. Bxb7 Qxb7 13. e4 Nd7 14. f4 f5 15. Nf3 Nc7 16. fxe5 Nxe5 17. Nxe5 Bxe5 18. Nd5 Bxb2 19. Qxb2 Nxd5 20. exd5 Rae8 21. Rae1 Qg7 22. Qxg7+ Kxg7 23. Rxe8 Rxe8 24. Kf2 Kf6 25. Rd1 g5 26. d4 Re4 27. dxc5 bxc5 28. Rd2 Ke5 29. Rd3 a5 30. Rd2 h5 31. Rd3 f4 32. Rd1 a4 33. Rd3 axb3 34. axb3 g4 35. gxf4+ Rxf4+ 36. Ke2 h4 37. Rc3 Re4+ 38. Kf2 Kd4 39. Rc1 Kd3 40. Ra1 Re2+ 41. Kg1 Kc3 42. Ra6 Kxb3 43. Rxd6 Kxc4 44. Re6 Rd2 45. d6 Rd4 46. Rg6 Kd3 47. Kf2 c4 48. d7 Rxd7 49. Rxg4 Rd4 0-1

[Event "HUN-chT2 Charousek 1718"]
[Site "Hungary"]
[Date "2018.05.06"]
[Round "9.5"]
[White "Titan, Matej"]
[Black "Meszaros, Matyas"]
[Result "1/2-1/2"]
[WhiteElo "2251"]
[BlackElo "2142"]
[PlyCount "84"]
[EventDate "2017.10.29"]
[EventType "team-tourn"]
[EventRounds "9"]
[EventCountry "HUN"]
[SourceTitle "EXT 2020"]
[Source "ChessBase"]
[SourceDate "2019.10.17"]
[SourceVersion "1"]
[SourceVersionDate "2019.10.17"]
[SourceQuality "1"]
[WhiteTeam "Szentgotthard Alsoszolnok"]
[BlackTeam "Penzugyor"]
[WhiteTeamCountry "HUN"]
[BlackTeamCountry "HUN"]

1. d4 Nf6 2. c4 d6 3. Nf3 c6 4. Nc3 Bf5 5. Nh4 Bd7 6. e4 e5 7. Nf3 Qc7 8. Be2 Be7 9. 0-0 Na6 10. Bg5 0-0 11. Re1 Rfe8 12. a3 Bg4 13. d5 Nc5 14. Bxf6 Bxf6 15. Nd2 Bxe2 16. Qxe2 Bg5 17. Nf3 Bh6 18. Qc2 g6 19. b4 Nd7 20. Rad1 c5 21. b5 Qc8 22. h3 Nf6 23. Nh2 Kh8 24. Qe2 Rf8 25. Ng4 Ng8 26. Rd3 Bg7 27. Nh2 f5 28. exf5 gxf5 29. Rdd1 e4 30. Qc2 Qd8 31. f3 Bd4+ 32. Kh1 Qf6 33. Ne2 Bf2 34. Rf1 e3 35. Nf4 Rae8 36. Ne6 Rf7 37. f4 Ne7 38. Nf3 Ng6 39. Nfg5 Rfe7 40. Rxf2 exf2 41. Qxf2 h6 42. Nf3 Nf8 1/2-1/2

[Event "Budapest-chT1 Lilienthal 1718"]
[Site "Budapest"]
[Date "2018.01.14"]
[Round "6"]
[White "Tornai, Imre"]
[Black "Meszaros, Matyas"]
[Result "1/2-1/2"]
[WhiteElo "2083"]
[BlackElo "2145"]
[PlyCount "22"]
[EventDate "2017.10.01"]
[EventType "team-tourn"]
[EventRounds "13"]
[EventCountry "HUN"]
[SourceTitle "EXT 2021"]
[Source "ChessBase"]
[SourceDate "2020.10.23"]
[SourceVersion "1"]
[SourceVersionDate "2020.10.23"]
[SourceQuality "1"]
[WhiteTeam "Budapest Ujpest KSE"]
[BlackTeam "Penzugyor III"]
[WhiteTeamCountry "HUN"]
[BlackTeamCountry "HUN"]

1. d4 d5 2. Nf3 e6 3. g3 c6 4. Bg2 Nd7 5. Nbd2 f5 6. c4 Bd6 7. Qc2 Ne7 8. Ng5 Nf6 9. f3 h6 10. Nh3 0-0 11. 0-0 e5 1/2-1/2

[Event "Budapest-chT1 Lilienthal 1718"]
[Site "Budapest"]
[Date "2017.10.01"]
[Round "1"]
[White "Meszaros, Matyas"]
[Black "Szabolcsi, Janos"]
[Result "0-1"]
[WhiteElo "2145"]
[BlackElo "2319"]
[PlyCount "54"]
[EventDate "2017.10.01"]
[EventType "team-tourn"]
[EventRounds "13"]
[EventCountry "HUN"]
[SourceTitle "EXT 2021"]
[Source "ChessBase"]
[SourceDate "2020.10.23"]
[SourceVersion "1"]
[SourceVersionDate "2020.10.23"]
[SourceQuality "1"]
[WhiteTeam "Penzugyor III"]
[BlackTeam "Budapest MTK III"]
[WhiteTeamCountry "HUN"]
[BlackTeamCountry "HUN"]

1. d4 d5 2. Nc3 f5 3. Bf4 Nf6 4. e3 e6 5. a3 Bd6 6. Nf3 0-0 7. Ne5 Nc6 8. Bb5 Bxe5 9. dxe5 Nd7 10. Nxd5 exd5 11. Qxd5+ Kh8 12. Bxc6 bxc6 13. Qxc6 Nb6 14. Qc5 Be6 15. Rd1 Qe8 16. 0-0 Na4 17. Qxc7 Nxb2 18. Rd4 Rf7 19. Qa5 Nc4 20. Qa6 Nb6 21. Rfd1 h6 22. h4 Rc7 23. Rd6 Rxc2 24. Qb7 Rcc8 25. Bxh6 gxh6 26. Rxe6 Qxe6 27. Rd6 Rc1+ 0-1

[Event "HUN-chT2 Maroczy 1516"]
[Site "Hungary"]
[Date "2016.04.17"]
[Round "9.4"]
[White "Meszaros, Matyas"]
[Black "Farago, Sandor"]
[Result "0-1"]
[WhiteElo "2181"]
[BlackElo "2266"]
[PlyCount "74"]
[EventDate "2015.10.18"]
[EventType "team-tourn"]
[EventRounds "9"]
[EventCountry "HUN"]
[SourceTitle "EXT 2017"]
[Source "ChessBase"]
[SourceDate "2016.10.25"]
[SourceVersion "1"]
[SourceVersionDate "2016.10.25"]
[SourceQuality "1"]
[WhiteTeam "Penzugyor"]
[BlackTeam "Magyar Sakkvilag"]
[WhiteTeamCountry "HUN"]
[BlackTeamCountry "HUN"]

1. d4 Nf6 2. Bg5 e6 3. e4 h6 4. Bxf6 Qxf6 5. Nf3 c5 6. c3 cxd4 7. cxd4 Bb4+ 8. Nc3 Qg6 9. Bd3 Nc6 10. 0-0 0-0 11. Rc1 d6 12. e5 f5 13. exf6 Qxf6 14. Ne4 Qe7 15. Bb1 d5 16. Ng3 Bd7 17. Qd3 g5 18. Rxc6 bxc6 19. Ne5 Be8 20. Ng6 Qg7 21. Nxf8 Bxf8 22. Re1 Bf7 23. Rc1 Rc8 24. a3 c5 25. Rc3 c4 26. Qc2 Bd6 27. Ne2 e5 28. Qf5 Rb8 29. b4 exd4 30. Nxd4 Qxd4 31. Qh7+ Kf8 32. Qxh6+ Ke7 33. Re3+ Kd7 34. Bf5+ Kc6 35. g3 Re8 36. Qxg5 Rxe3 37. fxe3 Qe5 0-1

[Event "HUN-chT2 Maroczy 1516"]
[Site "Hungary"]
[Date "2015.11.29"]
[Round "3.4"]
[White "Stanciu, Alexandru Ovidiu"]
[Black "Meszaros, Matyas"]
[Result "1/2-1/2"]
[WhiteElo "2315"]
[BlackElo "2181"]
[PlyCount "79"]
[EventDate "2015.10.18"]
[EventType "team-tourn"]
[EventRounds "9"]
[EventCountry "HUN"]
[SourceTitle "CBM 170 Extra"]
[Source "ChessBase"]
[SourceDate "2016.02.25"]
[SourceVersion "1"]
[SourceVersionDate "2016.02.25"]
[SourceQuality "1"]
[WhiteTeam "Kisujszallas"]
[BlackTeam "Penzugyor"]
[WhiteTeamCountry "HUN"]
[BlackTeamCountry "HUN"]

1. d4 e6 2. c4 f5 3. g3 Nf6 4. Bg2 c6 5. Nh3 d5 6. 0-0 Bd6 7. Bf4 0-0 8. Nd2 b6 9. Qc2 Bb7 10. Rac1 Na6 11. a3 Rc8 12. b4 c5 13. dxc5 bxc5 14. b5 Nc7 15. Rfd1 Bxf4 16. Nxf4 Qe7 17. a4 Rfd8 18. Nb3 Ba8 19. e3 Ne4 20. cxd5 Nxd5 21. Na5 Nxf4 22. exf4 Rxd1+ 23. Rxd1 c4 24. Rc1 c3 25. Nc6 Bxc6 26. bxc6 Rxc6 27. Bxe4 fxe4 28. Qxe4 Qc5 29. Rc2 Qd5 30. Qe2 Kf7 31. h4 g6 32. Kh2 Qa5 33. Qe5 Qxa4 34. Rxc3 Rxc3 35. Qxc3 Qa2 36. Qc7+ Kg8 37. Qb8+ Kg7 38. Qe5+ Kg8 39. Qb8+ Kg7 40. Qe5+ 1/2-1/2

[Event "HUN-chT2 Maroczy 1516"]
[Site "Hungary"]
[Date "2015.11.08"]
[Round "2.4"]
[White "Meszaros, Matyas"]
[Black "Neugebauer, Martin"]
[Result "0-1"]
[WhiteElo "2181"]
[BlackElo "2418"]
[PlyCount "82"]
[EventDate "2015.10.18"]
[EventType "team-tourn"]
[EventRounds "9"]
[EventCountry "HUN"]
[SourceTitle "CBM 170 Extra"]
[Source "ChessBase"]
[SourceDate "2016.02.25"]
[SourceVersion "1"]
[SourceVersionDate "2016.02.25"]
[SourceQuality "1"]
[WhiteTeam "Penzugyor"]
[BlackTeam "DVTK EMSE"]
[WhiteTeamCountry "HUN"]
[BlackTeamCountry "HUN"]

1. d4 Nf6 2. Nc3 d5 3. Bf4 a6 4. e3 b5 5. Bd3 Bb7 6. Nf3 Nbd7 7. 0-0 e6 8. a3 c5 9. dxc5 Nxc5 10. Ne5 Bd6 11. Bg3 0-0 12. Qe2 Qc7 13. f4 Rac8 14. Rad1 Nfe4 15. Bxe4 Nxe4 16. Nxe4 dxe4 17. Rd2 Bd5 18. Rfd1 f6 19. Ng4 Qa7 20. f5 Bc5 21. Bf4 Bc4 22. Qe1 e5 23. Rd7 Rc7 24. Nxf6+ Rxf6 25. Rd8+ Rf8 26. Bxe5 Rcf7 27. b3 Qe7 28. Rxf8+ Rxf8 29. Bb2 Bf7 30. b4 Ba7 31. Qg3 Bc4 32. f6 Rxf6 33. Bxf6 Qxf6 34. h3 Qe7 35. Qf4 h6 36. Kf2 Bf7 37. Qf5 Be8 38. Qd5+ Kh7 39. Qf5+ Bg6 40. Qf4 Bb6 41. Rd5 Bc7 0-1

[Event "HUN-chT2 Maroczy 1516"]
[Site "Hungary"]
[Date "2015.10.18"]
[Round "1.5"]
[White "Meszaros, Matyas"]
[Black "Boguszlavszkij, Jevgenyij"]
[Result "1/2-1/2"]
[WhiteElo "2181"]
[BlackElo "2199"]
[PlyCount "73"]
[EventDate "2015.10.18"]
[EventType "team-tourn"]
[EventRounds "9"]
[EventCountry "HUN"]
[SourceTitle "CBM 170 Extra"]
[Source "ChessBase"]
[SourceDate "2016.02.25"]
[SourceVersion "1"]
[SourceVersionDate "2016.02.25"]
[SourceQuality "1"]
[WhiteTeam "Penzugyor"]
[BlackTeam "Vasas"]
[WhiteTeamCountry "HUN"]
[BlackTeamCountry "HUN"]

1. e4 c6 2. d4 d5 3. f3 g6 4. Nc3 Bg7 5. Be3 Nf6 6. e5 Nfd7 7. Qd2 Nf8 8. Bh6 Ne6 9. 0-0-0 b6 10. g4 Ba6 11. Bxg7 Nxg7 12. Qh6 Ne6 13. Bh3 g5 14. f4 Nxf4 15. Qxg5 Ne6 16. Qh6 Kd7 17. g5 Qf8 18. Nge2 Qxh6 19. gxh6 Bxe2 20. Nxe2 Na6 21. Rdf1 Raf8 22. Rhg1 Ke8 23. Bxe6 fxe6 24. Rxf8+ Rxf8 25. Rg7 Rf7 26. Rg8+ Rf8 27. Rxf8+ Kxf8 28. Nf4 Kf7 29. Kd2 c5 30. c3 cxd4 31. cxd4 Nb4 32. a3 Nc6 33. Kc3 Na5 34. b3 Nc6 35. h4 Nd8 36. Kd3 Ke8 37. h5 1/2-1/2

[Event "HUN-chT2 Maroczy 1314"]
[Site "Hungary"]
[Date "2013.08.22"]
[Round "2"]
[White "Meszaros, Matyas"]
[Black "Kevei, Peter"]
[Result "1/2-1/2"]
[WhiteElo "2205"]
[BlackElo "2230"]
[PlyCount "37"]
[EventDate "2013.09.08"]
[EventType "team-tourn"]
[EventRounds "11"]
[EventCountry "HUN"]
[SourceTitle "EXT 2016"]
[Source "ChessBase"]
[SourceDate "2015.10.08"]
[SourceVersion "1"]
[SourceVersionDate "2015.10.08"]
[SourceQuality "1"]
[WhiteTeam "Penzugyor II"]
[BlackTeam "Szeged Maroczy"]
[WhiteTeamCountry "HUN"]
[BlackTeamCountry "HUN"]

1. d4 Nf6 2. Nf3 g6 3. c3 Bg7 4. Bf4 d6 5. g3 0-0 6. Bg2 Nbd7 7. Qc1 Re8 8. Bh6 Bh8 9. 0-0 c5 10. Qc2 Rb8 11. a4 Qa5 12. Na3 cxd4 13. cxd4 Qh5 14. Bd2 Nb6 15. a5 Bf5 16. Qb3 Be6 17. Qd3 Bf5 18. Qb3 Be6 19. Qd3 1/2-1/2

[Event "Budapest-chT1 Lilienthal 1112"]
[Site "Budapest"]
[Date "2012.01.15"]
[Round "6"]
[White "Kaposztas, Miklos"]
[Black "Meszaros, Matyas"]
[Result "1/2-1/2"]
[WhiteElo "2187"]
[BlackElo "2211"]
[PlyCount "47"]
[EventDate "2011.10.02"]
[EventType "team-tourn"]
[EventRounds "11"]
[EventCountry "HUN"]
[SourceTitle "EXT 2020"]
[Source "ChessBase"]
[SourceDate "2019.10.17"]
[SourceVersion "1"]
[SourceVersionDate "2019.10.17"]
[SourceQuality "1"]
[WhiteTeam "Budapest Vasas II"]
[BlackTeam "Penzugyor III"]
[WhiteTeamCountry "HUN"]
[BlackTeamCountry "HUN"]

1. d4 Nf6 2. c4 d6 3. Nc3 Bf5 4. f3 e5 5. e4 exd4 6. Qxd4 Nc6 7. Qf2 Be6 8. Nd5 Be7 9. Ne2 0-0 10. Nec3 Ne5 11. Be2 Bxd5 12. cxd5 c6 13. 0-0 cxd5 14. exd5 Qa5 15. Rd1 Rfc8 16. h3 Nc4 17. Rd4 b5 18. Bxc4 bxc4 19. Qc2 Bd8 20. Rxc4 Bb6+ 21. Kh2 Nxd5 22. Rxc8+ Rxc8 23. Nxd5 Qxd5 24. Bf4 1/2-1/2

[Event "Budapest-chT1 Lilienthal 1112"]
[Site "Budapest"]
[Date "2011.12.04"]
[Round "4"]
[White "Fordan, Tibor"]
[Black "Meszaros, Matyas"]
[Result "1/2-1/2"]
[WhiteElo "2253"]
[BlackElo "2211"]
[PlyCount "66"]
[EventDate "2011.10.02"]
[EventType "team-tourn"]
[EventRounds "11"]
[EventCountry "HUN"]
[SourceTitle "EXT 2020"]
[Source "ChessBase"]
[SourceDate "2019.10.17"]
[SourceVersion "1"]
[SourceVersionDate "2019.10.17"]
[SourceQuality "1"]
[WhiteTeam "Budapest EAC III"]
[BlackTeam "Penzugyor III"]
[WhiteTeamCountry "HUN"]
[BlackTeamCountry "HUN"]

1. d4 Nf6 2. c4 e6 3. Nc3 Bb4 4. e3 0-0 5. Bd3 d5 6. Nf3 c5 7. 0-0 Nc6 8. a3 Bxc3 9. bxc3 dxc4 10. Bxc4 Qc7 11. Bd3 e5 12. Qc2 Re8 13. Nxe5 Nxe5 14. dxe5 Qxe5 15. f3 Be6 16. e4 Rad8 17. Rb1 b6 18. Be2 Rd6 19. g3 g5 20. Re1 Red8 21. Bf1 Nh5 22. Be3 h6 23. a4 Bc8 24. a5 Bb7 25. axb6 axb6 26. Bg2 Ba6 27. c4 Qe6 28. Rbc1 Rd3 29. Bf1 R3d7 30. Bg2 Rd3 31. Bf1 R3d7 32. Bg2 Rd3 33. Bf1 R3d7 1/2-1/2

[Event "HUN-chT2 Charousek 1112"]
[Site "Hungary"]
[Date "2011.11.27"]
[Round "4"]
[White "Szabo, Lorinc"]
[Black "Meszaros, Matyas"]
[Result "0-1"]
[WhiteElo "1963"]
[BlackElo "2211"]
[PlyCount "66"]
[EventDate "2011.09.25"]
[EventType "team-tourn"]
[EventRounds "11"]
[EventCountry "HUN"]
[SourceTitle "EXT 2013"]
[Source "ChessBase"]
[SourceDate "2012.11.22"]
[SourceVersion "1"]
[SourceVersionDate "2012.11.22"]
[SourceQuality "1"]
[WhiteTeam "Fehervar"]
[BlackTeam "Penzugyor II"]
[WhiteTeamCountry "HUN"]
[BlackTeamCountry "HUN"]

1. d4 Nf6 2. Nf3 e6 3. Bg5 b6 4. e4 h6 5. Bxf6 Qxf6 6. e5 Qd8 7. c4 Bb4+ 8. Nc3 0-0 9. a3 Bxc3+ 10. bxc3 d6 11. Bd3 Bb7 12. 0-0 Nd7 13. exd6 cxd6 14. Re1 Rc8 15. Bc2 Nf6 16. Bb3 Ba6 17. Nd2 Qc7 18. Rc1 Rfd8 19. d5 e5 20. Qf3 Qd7 21. Bc2 Rc5 22. Bd3 Qg4 23. Qxg4 Nxg4 24. h3 Nf6 25. Nb3 Rc7 26. Nd2 Nxd5 27. cxd5 Bxd3 28. Re3 Bc4 29. Nxc4 Rxc4 30. Kf1 Rdc8 31. Ke2 R8c5 32. Kd3 f5 33. f3 Ra4 0-1

[Event "HUN-chT2 Charousek 1112"]
[Site "Hungary"]
[Date "2011.09.25"]
[Round "1"]
[White "Meszaros, Matyas"]
[Black "Berta, Tibor"]
[Result "1/2-1/2"]
[WhiteElo "2211"]
[BlackElo "2053"]
[PlyCount "53"]
[EventDate "2011.09.25"]
[EventType "team-tourn"]
[EventRounds "11"]
[EventCountry "HUN"]
[SourceTitle "EXT 2013"]
[Source "ChessBase"]
[SourceDate "2012.11.22"]
[SourceVersion "1"]
[SourceVersionDate "2012.11.22"]
[SourceQuality "1"]
[WhiteTeam "Penzugyor II"]
[BlackTeam "Paks II"]
[WhiteTeamCountry "HUN"]
[BlackTeamCountry "HUN"]

1. d4 Nf6 2. Nc3 d5 3. Bg5 Nbd7 4. e3 h6 5. Bf4 a6 6. Nf3 e6 7. Bd3 Be7 8. 0-0 c5 9. a3 b6 10. Ne5 Bb7 11. Qf3 Rc8 12. Qg3 g5 13. Nxd7 Nxd7 14. Bd6 Bxd6 15. Qxd6 Qc7 16. Qxc7 Rxc7 17. f4 Ke7 18. Rae1 g4 19. f5 e5 20. dxe5 Nxe5 21. f6+ Kd6 22. Rd1 Nxd3 23. Rxd3 Ke5 24. Rd2 b5 25. Rdf2 Bc8 26. Rd1 Bb7 27. Rfd2 1/2-1/2

[Event "Budapest-chT1 Lilienthal 1011"]
[Site "Budapest"]
[Date "2010.10.31"]
[Round "3"]
[White "Meszaros, Matyas"]
[Black "Horvath, David G"]
[Result "0-1"]
[WhiteElo "2186"]
[BlackElo "2305"]
[PlyCount "77"]
[EventDate "2010.09.19"]
[EventType "team-tourn"]
[EventRounds "11"]
[EventCountry "HUN"]
[SourceTitle "EXT 2020"]
[Source "ChessBase"]
[SourceDate "2019.10.17"]
[SourceVersion "1"]
[SourceVersionDate "2019.10.17"]
[SourceQuality "1"]
[WhiteTeam "Penzugyor III"]
[BlackTeam "Csepel"]
[WhiteTeamCountry "HUN"]
[BlackTeamCountry "HUN"]

1. e4 e6 2. d4 d5 3. Nc3 Nf6 4. Bg5 dxe4 5. Nxe4 Be7 6. Bxf6 Bxf6 7. Nf3 Nd7 8. Qd2 b6 9. 0-0-0 Bb7 10. Qf4 Qe7 11. Nxf6+ Nxf6 12. Bb5+ c6 13. Bd3 0-0-0 14. Rhe1 c5 15. c3 cxd4 16. Nxd4 Qc7 17. Qxc7+ Kxc7 18. Nb5+ Kb8 19. f3 a6 20. Na3 b5 21. c4 bxc4 22. Nxc4 Nd5 23. Kb1 Nf4 24. Bf1 f6 25. Nd6 e5 26. Nxb7 Kxb7 27. g3 Ng6 28. Bd3 Kb6 29. Be4 Ne7 30. Bc2 Nc6 31. Rxd8 Rxd8 32. Kc1 Nd4 33. Bd1 Kc5 34. f4 Nc6 35. a3 Rd4 36. fxe5 Nxe5 37. Bc2 h5 38. Re3 h4 39. Rc3+ 0-1

[Event "Budapest-chT1 Lilienthal 1011"]
[Site "Budapest"]
[Date "2010.10.03"]
[Round "2"]
[White "Meszaros, Matyas"]
[Black "Mincsovics, Miklos"]
[Result "1-0"]
[WhiteElo "2186"]
[BlackElo "2220"]
[PlyCount "77"]
[EventDate "2010.09.19"]
[EventType "team-tourn"]
[EventRounds "11"]
[EventCountry "HUN"]
[SourceTitle "EXT 2020"]
[Source "ChessBase"]
[SourceDate "2019.10.17"]
[SourceVersion "1"]
[SourceVersionDate "2019.10.17"]
[SourceQuality "1"]
[WhiteTeam "Penzugyor III"]
[BlackTeam "Hid Unio"]
[WhiteTeamCountry "HUN"]
[BlackTeamCountry "HUN"]

1. d4 Nf6 2. c4 g6 3. Nc3 Bg7 4. e4 d6 5. Nf3 0-0 6. Be2 e5 7. 0-0 Nc6 8. d5 Ne7 9. b4 a5 10. bxa5 Nh5 11. Nd2 Nf4 12. Nb3 f5 13. f3 g5 14. Bd2 Neg6 15. g3 Nxe2+ 16. Qxe2 h5 17. exf5 Bxf5 18. Ne4 g4 19. fxg4 Bxg4 20. Qd3 Qd7 21. Rxf8+ Rxf8 22. Rf1 Ne7 23. Rxf8+ Kxf8 24. Bg5 Kg8 25. Bh6 Nf5 26. Bxg7 Qxg7 27. c5 dxc5 28. Nbxc5 Nd4 29. Qe3 b6 30. axb6 cxb6 31. Nb3 Nf3+ 32. Kg2 Qc7 33. Qc3 Qxc3 34. Nxc3 Ng5 35. Nd2 Bd7 36. a4 e4 37. h4 e3 38. Nc4 Bh3+ 39. Kh2 1-0

[Event "HUN-chT2 Maroczy 1011"]
[Site "Hungary"]
[Date "2010.09.26"]
[Round "2"]
[White "Kiraly, Zoltan"]
[Black "Meszaros, Matyas"]
[Result "0-1"]
[WhiteElo "2073"]
[BlackElo "2186"]
[PlyCount "78"]
[EventDate "2010.09.12"]
[EventType "team-tourn"]
[EventRounds "11"]
[EventCountry "HUN"]
[SourceTitle "EXT 2012"]
[Source "ChessBase"]
[SourceDate "2011.11.24"]
[SourceVersion "1"]
[SourceVersionDate "2011.11.24"]
[SourceQuality "1"]
[WhiteTeam "Dunaharaszti"]
[BlackTeam "Penzugyor II"]
[WhiteTeamCountry "HUN"]
[BlackTeamCountry "HUN"]

1. d4 f5 2. Bg5 g6 3. Nf3 Bg7 4. g3 Nf6 5. Bxf6 Bxf6 6. c3 Nc6 7. Bg2 0-0 8. 0-0 d6 9. d5 Ne5 10. Nbd2 Bd7 11. Qb3 Rb8 12. Rfe1 Qe8 13. Nxe5 Bxe5 14. e4 f4 15. Nf3 Kg7 16. c4 Qf7 17. c5 Qf6 18. cxd6 exd6 19. Nxe5 Qxe5 20. Rac1 c5 21. Qc3 Rbe8 22. b4 b6 23. a4 Qxc3 24. Rxc3 g5 25. a5 Kf6 26. bxc5 dxc5 27. axb6 axb6 28. Rb1 Rb8 29. Bf1 Ke5 30. f3 g4 31. gxf4+ Rxf4 32. Rxc5 bxc5 33. Rxb8 Rxf3 34. Rb7 Rf7 35. Be2 h5 36. h3 gxh3 37. Bxh5 Re7 38. Kh1 Kd6 39. Bg4 Bxg4 0-1

[Event "HUN-chT2 Maroczy 1011"]
[Site "Hungary"]
[Date "2010.09.12"]
[Round "1"]
[White "Meszaros, Matyas"]
[Black "Horvath, Kristof"]
[Result "1-0"]
[WhiteElo "2186"]
[BlackElo "1653"]
[PlyCount "51"]
[EventDate "2010.09.12"]
[EventType "team-tourn"]
[EventRounds "11"]
[EventCountry "HUN"]
[SourceTitle "EXT 2012"]
[Source "ChessBase"]
[SourceDate "2011.11.24"]
[SourceVersion "1"]
[SourceVersionDate "2011.11.24"]
[SourceQuality "1"]
[WhiteTeam "Penzugyor II"]
[BlackTeam "Miskolc EMSE"]
[WhiteTeamCountry "HUN"]
[BlackTeamCountry "HUN"]

1. e4 d5 2. exd5 Qxd5 3. Nc3 Qa5 4. d4 Nf6 5. Nf3 Ne4 6. Bd2 Nxd2 7. Qxd2 e6 8. Bd3 Bb4 9. 0-0 Nd7 10. Rfe1 Nf6 11. a3 Bxc3 12. bxc3 c6 13. Re5 Qc7 14. Qg5 Rg8 15. c4 h6 16. Qf4 Qd8 17. h4 b6 18. Rae1 a5 19. d5 cxd5 20. cxd5 Ra7 21. dxe6 fxe6 22. Bg6+ Ke7 23. Nd4 Bd7 24. Nxe6 Bxe6 25. Rxe6+ Kf8 26. Re8+ 1-0

[Event "HUN-chT2 Maroczy 0910"]
[Site "Hungary"]
[Date "2010.04.18"]
[Round "10"]
[White "Meszaros, Matyas"]
[Black "Antal, Laszlo"]
[Result "1/2-1/2"]
[WhiteElo "2198"]
[BlackElo "2180"]
[PlyCount "85"]
[EventDate "2009.11.08"]
[EventType "team-tourn"]
[EventRounds "11"]
[EventCountry "HUN"]
[SourceTitle "EXT 2011"]
[Source "ChessBase"]
[SourceDate "2010.11.26"]
[SourceVersion "1"]
[SourceVersionDate "2010.11.26"]
[SourceQuality "1"]
[WhiteTeam "Penzugyor II"]
[BlackTeam "Fenstherm"]
[WhiteTeamCountry "HUN"]
[BlackTeamCountry "HUN"]

1. d4 Nf6 2. c4 e6 3. Nc3 Bb4 4. Qc2 c5 5. dxc5 0-0 6. a3 Bxc5 7. Nf3 Nc6 8. Bg5 Be7 9. Rd1 Ne8 10. Bxe7 Qxe7 11. e3 Nf6 12. Be2 b6 13. 0-0 Bb7 14. Nb5 d5 15. cxd5 Nxd5 16. Bd3 Nf6 17. Nd6 Nd4 18. Bxh7+ Nxh7 19. Rxd4 Bxf3 20. gxf3 Ng5 21. Qc6 Qf6 22. f4 e5 23. fxe5 Nf3+ 24. Kh1 Nxd4 25. Qxa8 Qxe5 26. Qe4 Qxd6 27. Qxd4 Qc6+ 28. e4 Re8 29. f3 Re6 30. Rg1 g6 31. Rd1 Rf6 32. Kg2 Qb5 33. Qf2 Qb3 34. Qe2 Rc6 35. Rd2 Rc1 36. Qf2 Qc4 37. b3 Qc7 38. Qd4 Rc3 39. a4 Rxb3 40. Qf6 Rd3 41. Rxd3 Qc2+ 42. Kg3 Qxd3 43. Qc6 1/2-1/2

[Event "HUN-chT2 Maroczy 0910"]
[Site "Hungary"]
[Date "2009.11.22"]
[Round "2"]
[White "Abel, Lajos"]
[Black "Meszaros, Matyas"]
[Result "1/2-1/2"]
[WhiteElo "2301"]
[BlackElo "2198"]
[PlyCount "100"]
[EventDate "2009.11.08"]
[EventType "team-tourn"]
[EventRounds "11"]
[EventCountry "HUN"]
[SourceTitle "EXT 2011"]
[Source "ChessBase"]
[SourceDate "2010.11.26"]
[SourceVersion "1"]
[SourceVersionDate "2010.11.26"]
[SourceQuality "1"]
[WhiteTeam "TLSE"]
[BlackTeam "Penzugyor II"]
[WhiteTeamCountry "HUN"]
[BlackTeamCountry "HUN"]

1. d4 d5 2. Nf3 Nf6 3. Bf4 Bg4 4. Ne5 Bf5 5. e3 e6 6. g4 Be4 7. f3 Bg6 8. h4 h6 9. Nxg6 fxg6 10. Bd3 Bd6 11. Bxg6+ Ke7 12. Nc3 c6 13. Qd2 Qc7 14. Bxd6+ Qxd6 15. Qh2 Qb4 16. 0-0-0 Nbd7 17. a3 Qa5 18. Qd2 Nb6 19. Nb1 Qxd2+ 20. Nxd2 Nc4 21. Nxc4 dxc4 22. e4 Raf8 23. Rhf1 Nd7 24. f4 Rf6 25. f5 e5 26. Rfe1 Rd6 27. c3 b5 28. Kc2 a5 29. Re2 a4 30. Red2 Rd8 31. g5 hxg5 32. hxg5 Rh8 33. Rf2 Nf8 34. dxe5 Rxd1 35. Kxd1 Nxg6 36. fxg6 Rh1+ 37. Kc2 Rg1 38. Rf7+ Ke6 39. Rc7 Rg2+ 40. Kb1 Rg1+ 41. Kc2 Rg2+ 42. Kb1 Rg1+ 43. Ka2 Rxg5 44. Rxg7 Kxe5 45. Rg8 Kf6 46. Rc8 Kxg6 47. Rxc6+ Kf7 48. Rd6 Ke7 49. Rd4 Ke6 50. Kb1 Ke5 1/2-1/2